00414 2200169 4500245003800000020002200038250000900060700001800069100001600087650002800103005001900131260004200150041001400192084000800206300002100214336000900235 aSay It & SolvecJames, KarlhText a978-602-03-3365-6 a2014 aChristiany Lo aJames, Karl aKeterampilan Percakapan a20240906095435 aJakartabGramedia Pustaka Utamac2017 aIndonesia a395 a338 hlm :c20 cm atext